[Event "7th Wroclaw Open A"]
[Site "Wroclaw POL"]
[Date "2012.07.03"]
[Round "2.12"]
[White "Cukrowski,F"]
[Black "Kasparov,S"]
[Result "1/2-1/2"]
[WhiteElo "2133"]
[BlackElo "2493"]

1.e4 d5 2.exd5 Qxd5 3.Nc3 Qd6 4.d4 c6 5.Nf3 Bg4 6.Be3 Nf6 7.h3 Bh5 8.g4 Bg6
9.Ne5 Nbd7 10.Nxg6 hxg6 11.Qf3 e6 12.O-O-O Qc7 13.Bd3 Nb6 14.Ne4 Nxe4 15.Qxe4 Nd5
16.c4 O-O-O 17.Kb1 Nxe3 18.fxe3 Be7 19.Bf1 Bf6 20.Bg2 Kb8 21.Rd3 e5 22.d5 cxd5
23.cxd5 Qd6 24.Rc1 Rc8 25.Rc6 Rxc6 26.dxc6 Qxc6 27.Qxc6 bxc6 28.Rd7 e4 29.Bxe4 Rxh3
30.Bxc6 Rxe3 31.Rb7+ Kc8 32.Rxa7 Re1+ 33.Kc2 Re2+ 34.Kd3 Rxb2 35.Bd5 Rb4
36.Bc4 Kb8  1/2-1/2

[Event "ch-UAE 2012"]
[Site "Abu Dhabi UAE"]
[Date "2012.07.04"]
[Round "8.15"]
[White "Mohamed,Marshool"]
[Black "Al Zarooni,A"]
[Result "0-1"]
[WhiteElo "1599"]
[BlackElo "1754"]

1.e4 d5 2.exd5 Qxd5 3.Nc3 Qd6 4.d4 Nf6 5.Bc4 c6 6.h3 Bf5 7.Nf3 h6 8.Ne5 e6
9.Bf4 Qd8 10.g4 Bh7 11.Qd2 Bb4 12.f3 O-O 13.a3 Qa5 14.O-O-O Bxc3 15.Qxc3 Qd8
16.Rhg1 b5 17.Ba2 a5 18.Nxc6 Nxc6 19.Qxc6 Rc8 20.Qc5 Rxc5 21.dxc5 Qc8 22.Bd6 Rd8
23.Rd2 Qc6 24.Rgd1 Qxf3 25.Bb8 Rxd2 26.Rxd2 Qe3 27.Kd1 g5  0-1

[Event "40th TCh-GRE 2012"]
[Site "Achaea GRE"]
[Date "2012.07.04"]
[Round "6.4"]
[White "Markaki,S"]
[Black "Pasoglou,Ekaterini"]
[Result "1-0"]
[WhiteElo "1625"]
[BlackElo "1591"]

1.e4 d5 2.exd5 Qxd5 3.Nc3 Qd6 4.d4 Nf6 5.Nf3 a6 6.a4 Bg4 7.Be2 Nc6 8.O-O e6
9.Be3 O-O-O 10.Nb5 Qd7 11.c4 h6 12.Qb3 Ne4 13.h3 Bf5 14.Bf4 Bd6 15.Nxd6+ Nxd6
16.Rfd1 Qe7 17.Ne5 Nxe5 18.Bxe5 f6 19.Bh2 Rhe8 20.c5 Ne4 21.c6 bxc6 22.Bxa6+ Kd7
23.Rac1 Rb8 24.Qc4 Nd6 25.Qxc6+ Kd8 26.Qc3 Rf8 27.b3 Rf7 28.Be2 Ne4 29.Qe3 Qb4
30.Bc4 Re7 31.f3 Nd6 32.Bxd6 Qxd6 33.Bb5 Qg3 34.d5 Kc8 35.Ba6+ Kd8 36.dxe6+ Ke8
37.Bb5+ Kf8 38.Qc5 Bxh3 39.Rc2 Qg6 40.Rd7 Re8 41.Rxc7  1-0

[Event "Mulhouse WIM 2012"]
[Site "Mulhouse FRA"]
[Date "2012.07.04"]
[Round "4.4"]
[White "Nikolova,A"]
[Black "Fruteau,S"]
[Result "1-0"]
[WhiteElo "2360"]
[BlackElo "2100"]

1.e4 d5 2.exd5 Qxd5 3.Nc3 Qd6 4.d4 Nf6 5.Bd3 a6 6.Nge2 b5 7.Ne4 Qb6 8.Nxf6+ exf6
9.O-O Be7 10.Nf4 O-O 11.Qf3 Bb7 12.Nd5 Bxd5 13.Qxd5 Nc6 14.c3 Rad8 15.Qf3 Rfe8
16.Be3 Nb8 17.b4 Qc6 18.Qxc6 Nxc6 19.Be2 Nb8 20.a4 c6 21.Bf3 Bd6 22.axb5 axb5
23.Ra7 Kf8 24.Rfa1 Re7 25.g3 f5 26.h4 f6 27.Kf1 Ke8 28.Ke2 Rxa7 29.Rxa7 Rd7
30.Ra8 Ke7 31.Kd3 Ke6 32.Rxb8 Bxb8 33.Bxc6 Rd8 34.Bxb5 Bd6 35.Bc6 h6 36.d5+ Kf7
37.f4 g5 38.b5 gxh4 39.gxh4 Kg6 40.c4 Kh5 41.c5 Bb8 42.d6 Kxh4 43.Bd4 Rf8
44.Bf2+ Kg4 45.Ke3 Rd8 46.Bf3+ Kh3 47.b6 Kh2 48.Kd4  1-0

[Event "NIKI Open 2012"]
[Site "Nachod CZE"]
[Date "2012.07.04"]
[Round "5.15"]
[White "Saucuk,Martin"]
[Black "Gerych,J"]
[Result "1/2-1/2"]
[WhiteElo "1939"]
[BlackElo "2052"]

1.e4 d5 2.exd5 Qxd5 3.Nc3 Qd6 4.Bc4 Nf6 5.d4 a6 6.Nf3 b5 7.Bd3 Bb7 8.Qe2 Nbd7
9.O-O e6 10.Re1 Be7 11.Ne4 Qb6 12.c3 c5 13.dxc5 Nxc5 14.Nxc5 Bxc5 15.Be3 Bxe3
16.Qxe3 Qxe3 17.Rxe3 Nd5 18.Ree1 Nf4 19.Bf1 Bxf3 20.gxf3 Ke7 21.a4 Rab8 22.axb5 axb5
23.Ra7+ Kf6 24.Ra5 b4 25.Re4 g5 26.Rxb4 Rxb4 27.cxb4 Rc8 28.Rc5 Rd8 29.Rc1 Rd2
30.Rb1 Ke5 31.b5 Kd6 32.b4 Rd4 33.Ra1 Rxb4 34.Ra7 h5 35.Rxf7 h4 36.Ra7 Rb1
37.Ra2 h3 38.Rc2 Kd5 39.Ra2 Kd4 40.Rc2 Ra1 41.Rc4+ Kd5 42.Rc2 Rb1 43.Ra2 Kc5
44.Rc2+ Kd4  1/2-1/2

[Event "7th Vladimir Dvorkovich Cup"]
[Site "Moscow RUS"]
[Date "2012.07.05"]
[Round "6.8"]
[White "Fataliyeva,U"]
[Black "Leks,M"]
[Result "0-1"]
[WhiteElo "2097"]
[BlackElo "2097"]

1.e4 d5 2.exd5 Qxd5 3.Nc3 Qd6 4.d4 Nf6 5.Nf3 a6 6.Be2 Nc6 7.Be3 Bg4 8.Qd2 e6
9.O-O-O O-O-O 10.h3 Bh5 11.g4 Bg6 12.Ne5 Nxe5 13.dxe5 Qxd2+ 14.Bxd2 Ne4 15.Nxe4 Bxe4
16.Bg5 Rxd1+ 17.Rxd1 Bc5 18.f3 Bc6 19.c3 h6 20.Bf4 a5 21.Kc2 h5 22.Bg5 hxg4
23.fxg4 Be4+ 24.Bd3 Bf3 25.Rd2 Rxh3 26.Bg6 b6 27.Bxf7 Bxg4 28.Rd8+ Kb7 29.Bg6 Bf3
30.Bd2 Rh2 31.Rd3 Bc6 32.Kd1 Rg2 33.Bh5 Rg1+ 34.Kc2 g5 35.Bf3 g4 36.Bxc6+ Kxc6
37.Bf4 Bf2 38.Rd8 g3 39.Rg8 b5 40.Kd3 Kc5 41.b3 a4 42.b4+ Kd5 43.a3 Rd1+
44.Ke2 Ra1 45.Kd3 Rxa3 46.Bxg3 Bxg3 47.Rxg3 c6 48.Rg8 Kxe5 49.Rc8 Kd6 50.Rd8+ Kc7
51.Re8 Kd7 52.Ra8 e5 53.Ke4 Rxc3 54.Kxe5 Re3+ 55.Kd4 Rb3 56.Kc5 Rc3+ 57.Kd4 Rc4+
58.Ke5 Rxb4 59.Ra7+ Kc8 60.Kd6 Rc4  0-1

[Event "Perla Baltyku Open 2012"]
[Site "Lazy POL"]
[Date "2012.07.06"]
[Round "7.1"]
[White "Aliavdin,N"]
[Black "Tomczak,J"]
[Result "1/2-1/2"]
[WhiteElo "2382"]
[BlackElo "2549"]

1.e4 d5 2.exd5 Qxd5 3.Nc3 Qd6 4.d4 Nf6 5.Nf3 g6 6.Nb5 Qb6 7.c4 c6 8.Nc3 Bg4
9.Be2 Bg7 10.O-O O-O 11.h3 Bxf3 12.Bxf3 Rd8 13.Qb3 Na6 14.Be3 e6 15.Qxb6 axb6
16.a3 Ne8 17.d5 cxd5 18.cxd5 Nc5 19.dxe6 fxe6 20.Rab1 Nd6 21.b4 Nd7 22.Rfd1 Ne5
23.Be2 Nec4 24.Bg5 Rdc8 25.Rbc1 h6 26.Bf4 e5 27.Bh2 Kh7 28.Nd5 b5 29.Nc3 Rxa3
30.Nxb5 Nxb5 31.Rxc4 Rxc4 32.Bxc4 Nd4 33.Kf1 b6 34.Re1 Nc2 35.Rd1 Ra7 36.Rd8  1/2-1/2

[Event "Mulhouse WIM 2012"]
[Site "Mulhouse FRA"]
[Date "2012.07.06"]
[Round "6.5"]
[White "Neuhauser,S"]
[Black "Fruteau,S"]
[Result "1/2-1/2"]
[WhiteElo "2067"]
[BlackElo "2100"]

1.e4 d5 2.exd5 Qxd5 3.Nc3 Qd6 4.Be2 c6 5.Nf3 Nf6 6.d4 Bg4 7.h3 Bxf3 8.Bxf3 e6
9.O-O Be7 10.Ne4 Nxe4 11.Bxe4 Nd7 12.c3 Nf6 13.Bd3 O-O 14.Qf3 Rfd8 15.Bf4 Qd5
16.Qe2 Qh5 17.Rfe1 Qxe2 18.Bxe2 Nd5 19.Be5 c5 20.Rad1 Rac8 21.dxc5 Bxc5 22.Bf3 b6
23.Bxd5 Rxd5 24.Rxd5 exd5 25.Rd1 Rd8 26.a3 f6 27.Bf4 Kf7 28.Kf1 Ke6 29.c4 Rd7
30.b4 Be7 31.cxd5+ Rxd5 32.Ke2 a5 33.Rxd5 Kxd5 34.Be3 axb4 35.axb4 b5 36.Kd3 Bxb4
37.f3 Be1 38.g4 b4 39.f4 Bc3 40.h4 g6 41.h5 f5 42.hxg6 hxg6 43.gxf5 gxf5
44.Bb6 Bg7 45.Bc7 b3 46.Bb8 Bf8 47.Kc3 Bd6 48.Ba7 Bxf4 49.Kxb3 Ke4 50.Kc2 Be5
51.Kd2 Kf3 52.Ke1 Kg2 53.Be3 Kf3 54.Bh6 Bd4 55.Kf1  1/2-1/2

[Event "5th Int ch-Central Serbia 2012"]
[Site "Paracin SRB"]
[Date "2012.07.06"]
[Round "1.22"]
[White "Nestorovic,N"]
[Black "Zajic,Milan"]
[Result "1-0"]
[WhiteElo "2436"]
[BlackElo "2151"]

1.e4 d5 2.exd5 Qxd5 3.Nc3 Qd6 4.d4 Nf6 5.Nf3 c6 6.g3 Bg4 7.Bg2 e6 8.O-O Be7
9.h3 Bxf3 10.Bxf3 O-O 11.Bf4 Qd8 12.Ne2 Bd6 13.Be3 Nbd7 14.c4 Qe7 15.Qb3 Rab8
16.Nc3 Rfc8 17.Rfe1 Qf8 18.Rad1 b5 19.c5 Be7 20.Bf4 Ra8 21.a4 a6 22.Ra1 Nd5
23.Nxd5 exd5 24.Bg4 Qd8 25.Qe3 Bf8 26.b4 g6 27.h4 Kh8 28.h5 f5 29.Bf3 Qf6
30.axb5 axb5 31.Rxa8 Rxa8 32.Qe6 Qxe6 33.Rxe6 Rc8 34.h6 Kg8 35.Rxc6  1-0

[Event "11th La Fere Open"]
[Site "La Fere FRA"]
[Date "2012.07.07"]
[Round "1.19"]
[White "Waquet,F"]
[Black "Godart,M"]
[Result "1/2-1/2"]
[WhiteElo "1966"]
[BlackElo "1729"]

1.e4 d5 2.exd5 Qxd5 3.Nc3 Qd6 4.g3 c6 5.Bg2 e5 6.Qe2 Be7 7.Nf3 f6 8.O-O Nh6
9.d4 Nf7 10.dxe5 fxe5 11.Ne4 Qc7 12.Nfg5 Nxg5 13.Bxg5 Bf5 14.Rad1 O-O 15.h4 Bxg5
16.Nxg5 h6 17.Qc4+ Kh8 18.Ne4 Nd7 19.Nd6 Bg6 20.Nxb7 Qxb7 21.Bxc6 Rac8 22.Bxb7 Rxc4
23.Rxd7 Rxc2 24.a4 Rxb2 25.a5 Bf5  1/2-1/2

[Event "5th Open d'Ille et Vilaine"]
[Site "Rennes FRA"]
[Date "2012.07.07"]
[Round "1.7"]
[White "Castilla,T"]
[Black "Guezennec,F"]
[Result "0-1"]
[WhiteElo "1822"]
[BlackElo "2181"]

1.e4 d5 2.exd5 Qxd5 3.Nc3 Qd6 4.d4 Nf6 5.Nf3 a6 6.Be2 b5 7.a3 Bb7 8.O-O Nbd7
9.Re1 e6 10.Ne5 Nxe5 11.dxe5 Qxd1 12.Rxd1 Nd7 13.Bf4 g5 14.Bxg5 Rg8 15.Bf4 Rxg2+
16.Kf1 Bc5 17.Bg3 O-O-O 18.Bg4 Rg8 19.Bh3 R8xg3 20.hxg3 Rxf2+ 21.Ke1 Nxe5  0-1

[Event "Mulhouse WIM 2012"]
[Site "Mulhouse FRA"]
[Date "2012.07.08"]
[Round "9.2"]
[White "Haussernot,C"]
[Black "Fruteau,S"]
[Result "1/2-1/2"]
[WhiteElo "2099"]
[BlackElo "2100"]

1.e4 d5 2.exd5 Qxd5 3.Nc3 Qd6 4.d4 Nf6 5.Bd3 c6 6.Nge2 Bg4 7.h3 Bh5 8.Be3 Nbd7
9.f4 Bxe2 10.Qxe2 e6 11.a4 Nb6 12.O-O Be7 13.Ne4 Nxe4 14.Bxe4 Nd5 15.Bxd5 Qxd5
16.Rad1 O-O 17.Rf3 Rfd8 18.Rdf1 c5 19.c3 cxd4 20.Bxd4 Bc5 21.Bxc5 Qxc5+ 22.Kh1 g6
23.Re3 Rd5 24.c4 Rd4 25.b3 Rad8 26.Qf3 Qb6 27.h4 Rd1 28.Rxd1 Rxd1+ 29.Kh2 Qd8
30.Qg3 Qd4 31.Qf3 h5 32.Kg3 Qd2 33.Re2 Qd3 34.Re3 Qf1 35.Qxb7 Rd2 36.Qf3 Qg1
37.Re2 Rd4 38.Qe3 Qd1 39.Kf2 a5 40.Re1 Rd2+ 41.Kf1 Qc2 42.Qf3 Rd3 43.Qa8+ Kg7
44.Qxa5 Rxb3 45.Qe5+ Kg8 46.Qe2 Qf5 47.Qd2 Rd3 48.Qf2 Rc3 49.Qd4 Ra3 50.c5 Qc2
51.Ra1 Rd3 52.Qf2 Rd2 53.Qe3 Rxg2 54.Rc1 Qb2 55.Rb1 Qxb1+ 56.Kxg2 Qc2+ 57.Kf3 Qxa4
58.Qe5 Qb3+ 59.Kf2 Qc2+  1/2-1/2

[Event "34th Oberwart Open A"]
[Site "Oberwart AUT"]
[Date "2012.07.08"]
[Round "2.21"]
[White "Veszpremi,A"]
[Black "Kamaryt,T"]
[Result "1-0"]
[WhiteElo "2262"]
[BlackElo "2109"]

1.e4 d5 2.exd5 Qxd5 3.Nc3 Qd6 4.Bc4 Nf6 5.d3 a6 6.Nf3 Nc6 7.Qe2 Na5 8.Be3 b5
9.Bb3 Nxb3 10.axb3 Bb7 11.O-O-O Qb4 12.Bd2 Qa5 13.Kb1 b4 14.Ne4 Qb5 15.Nxf6+ gxf6
16.Rhe1 e6 17.Nd4 Qd7 18.Qh5 Kd8 19.Nf3 a5 20.Qh4 Be7 21.Bh6 Rg8 22.Be3 Rh8
23.Bh6 Rg8 24.Be3 Rh8 25.Bd4 e5 26.Be3 a4 27.Nd2 axb3 28.Nxb3 Qa4 29.Bc5 Ra6
30.Bxe7+ Kxe7 31.Rxe5+ Re6 32.Rxe6+ fxe6 33.Qg3 Kd8 34.Qg7 Re8 35.Qxf6+ Kc8
36.Nc5 Qc6 37.Nxb7 Kxb7 38.Qd4 Qb5 39.Qe4+ Kb6 40.Re1 b3 41.cxb3 Qxb3 42.Qc4 Qxc4
43.dxc4 Kc5 44.Re4 Rh8  1-0

[Event "34th Oberwart Open A"]
[Site "Oberwart AUT"]
[Date "2012.07.08"]
[Round "2.19"]
[White "Antal,T"]
[Black "Notegger,P"]
[Result "1-0"]
[WhiteElo "2356"]
[BlackElo "1965"]

1.e4 d5 2.exd5 Qxd5 3.Nc3 Qd6 4.d4 Nf6 5.Bc4 c6 6.Nf3 Bg4 7.Be3 e6 8.h3 Bh5
9.g4 Bg6 10.Ne5 Nbd7 11.Nxg6 hxg6 12.Qf3 Nb6 13.Bb3 Nbd5 14.Nxd5 Nxd5 15.O-O-O Nxe3
16.fxe3 Be7 17.Rhf1 Rf8 18.e4 O-O-O 19.e5 Bg5+ 20.Kb1 Qe7 21.Qe4 Rd7 22.a3 Kc7
23.Rd3 Rfd8 24.Rfd1 Kb8 25.c4 Rc7 26.Ka2 Qe8 27.d5 exd5 28.cxd5 cxd5 29.Rxd5 Rxd5
30.Rxd5 Qe7 31.Qd4 f5 32.Rd6 Qe8 33.Re6 Be7 34.Qd3 fxg4 35.hxg4 g5 36.Rg6 Bd8
37.Qf5 Rc5 38.Rxg7 Rxe5 39.Rg8 Rxf5 40.Rxe8 Rf4 41.Rxd8+ Kc7 42.Ra8 Rxg4
43.Rxa7 Kc6 44.Ra4 Rg1 45.Be6 Re1 46.Bg4 Re5 47.Bf3+ Kc7 48.Rc4+ Kb8 49.Rb4 Re7
50.Kb1 Ka7 51.Kc2 b6 52.Ra4+  1-0

[Event "8th RUS-CHN Summit Women Rapid"]
[Site "St Petersburg RUS"]
[Date "2012.07.08"]
[Round "6"]
[White "Pogonina,N"]
[Black "Huang Qian"]
[Result "0-1"]
[WhiteElo "2447"]
[BlackElo "2443"]

1.e4 d5 2.exd5 Qxd5 3.Nc3 Qd6 4.d4 c6 5.Nf3 Bg4 6.Be2 Nf6 7.O-O e6 8.Bg5 Nbd7
9.Bh4 Qc7 10.Bg3 Bd6 11.Ne5 Bf5 12.Nc4 Bxg3 13.hxg3 Bg6 14.Bd3 Rd8 15.Qe2 Bxd3
16.Qxd3 b5 17.Nd2 Ne5 18.Qe3 Neg4 19.Qg5 Rxd4 20.Nb3 Rd8 21.Qc5 Qb6 22.Qb4 h5
23.Rae1 Nd5 24.Nxd5 Rxd5 25.c4 bxc4 26.Qxc4 O-O 27.Rc1 Ne5 28.Qc3 Nd3 29.Rcd1 Nxf2
30.Rxd5 Ne4+ 31.Qd4 cxd5 32.Kh2 Qc7 33.Qe3 h4 34.Rc1 hxg3+ 35.Kg1 Qb6 36.Qxb6 axb6
37.Rc6 Rb8 38.Nd4 Ra8 39.a3 Ra4 40.Ne2 Rc4 41.Rxb6 d4 42.b3 Rc2  0-1

[Event "35th Barbera Open A"]
[Site "Barbera del Valles ESP"]
[Date "2012.07.09"]
[Round "6.40"]
[White "Pieri,P"]
[Black "Moreto Quintana,A"]
[Result "1/2-1/2"]
[WhiteElo "2048"]
[BlackElo "2166"]

1.e4 d5 2.exd5 Qxd5 3.Nc3 Qd6 4.d4 Nf6 5.Nf3 a6 6.g3 Bg4 7.h3 Bh5 8.Bg2 Nc6
9.O-O O-O-O 10.g4 Bg6 11.Be3 Nb4 12.Ne5 Nxc2 13.Nxg6 Nxe3 14.Bxb7+ Kxb7 15.Qb3+ Ka7
16.Nxh8 Rb8 17.Nb5+ Rxb5 18.Qxe3 Nd5 19.Qf3 f6 20.Rac1 Qe6 21.Rc2 Qg8 22.Rfc1 Rb7
23.Rc6 e6 24.Qe2 Bd6 25.Rxa6+ Kb8 26.Ra5 Qxh8 27.Qxe6 Nb6 28.Re1 Nc8 29.Qd7 Bb4
30.Re8 Qxe8 31.Ra8+ Kxa8 32.Qxe8 Kb8 33.a3 Bd6 34.b4 Ra7 35.Qg8 Rxa3 36.Qxh7 g5
37.Kg2 Ra4 38.Qf5 Rxb4 39.Qxf6 Be7 40.Qe5 Rb6 41.f4 Rb2+ 42.Kf3 Rb3+ 43.Kg2 Rb2+
44.Kf3 Rb3+ 45.Kg2 gxf4 46.Qxf4 Bd6 47.Qh6 Rg3+ 48.Kf2 Ne7 49.Qxd6 cxd6 50.Kxg3 Kc7
51.Kf4 Kd7 52.g5 Ke6 53.h4 Nc6 54.d5+ Kxd5 55.g6 Ke6 56.Kg5 Ke7 57.h5 Ne5
58.h6 Kf8 59.Kf6 Ng4+ 60.Kg5 Nxh6 61.Kxh6 Kg8 62.Kg5 Kg7 63.Kf5 Kf8 64.Ke6 Kg7
65.Kxd6 Kxg6  1/2-1/2

[Event "11th La Fere Open"]
[Site "La Fere FRA"]
[Date "2012.07.09"]
[Round "4.38"]
[White "Merbeth,Paul"]
[Black "Wolfangel,J"]
[Result "1-0"]
[WhiteElo "1718"]
[BlackElo "1452"]

1.e4 d5 2.exd5 Qxd5 3.Nc3 Qd6 4.d4 a6 5.Nf3 Bg4 6.g3 Nf6 7.Bg2 Nc6 8.O-O Nxd4
9.Qxd4 Qxd4 10.Nxd4 c6 11.Nxc6 Bd7 12.Ne5 Rb8 13.Bf4 Bc8 14.Rad1 b5 15.Nc6 Bg4
16.Bxb8 Bxd1 17.Rxd1 Nd7 18.Nd5 f6 19.Nc7+ Kf7 20.Nd8+ Kg6 21.Rxd7 h5 22.Nce6 Rg8
23.Be4+ f5 24.Nf4+ Kg5 25.Rd5 g6 26.h4+ Kh6 27.Bd3 Bg7 28.Nf7+ Kh7 29.Ne6 Rxb8
30.Nxg7 Kxg7 31.Ng5 Kf6 32.Rc5 Rb6 33.Be2 b4 34.Bf3 Rd6 35.Rc6 Ke5 36.Nf7+  1-0

[Event "14th Saint-Lo Festival IM"]
[Site "Saint-Lo FRA"]
[Date "2012.07.10"]
[Round "4"]
[White "Bernotas,A"]
[Black "Amoyal,P"]
[Result "1-0"]
[WhiteElo "2261"]
[BlackElo "2155"]

1.e4 d5 2.exd5 Qxd5 3.Nc3 Qd6 4.d4 Nf6 5.Nf3 c6 6.Ne5 Nbd7 7.Bf4 Nd5 8.Nxd5 Qxd5
9.Qd3 e6 10.Nc4 Be7 11.Be2 Nb6 12.Ne3 Qa5+ 13.c3 Nd5 14.Be5 f6 15.Bg3 O-O
16.O-O f5 17.Be5 Qd8 18.f4 Bd7 19.c4 Nf6 20.Bf3 Be8 21.Rfd1 Nd7 22.c5 Nxe5
23.fxe5 b5 24.a4 a6 25.axb5 axb5 26.Rxa8 Qxa8 27.Qxb5 f4 28.Nf1 Bd7 29.Qc4 Rb8
30.Bg4 Kf7 31.Qc1 g5 32.Nd2 Qa2 33.Nc4 Rb4 34.Be2 Bc8 35.Qb1 Qxb1 36.Rxb1 Ba6
37.b3 Kg6 38.Ra1 Bxc4 39.Bxc4 Kf5 40.Ra7 Bd8 41.Bd3+ Kg4 42.Kf2 h6 43.h3+ Kh5
44.Bc4 Kg6 45.Ra6  1-0

[Event "FSFMB July 2012"]
[Site "Budapest HUN"]
[Date "2012.07.11"]
[Round "5.4"]
[White "Bakos,Viktor"]
[Black "Benyeda,T"]
[Result "1/2-1/2"]
[WhiteElo "1435"]
[BlackElo "1623"]

1.e4 d5 2.exd5 Qxd5 3.Nc3 Qd6 4.Nf3 Bg4 5.Be2 Nf6 6.d4 e6 7.O-O Be7 8.h3 Bh5
9.Be3 O-O 10.Qd2 Qd8 11.a3 Nbd7 12.Rad1 Nb6 13.Ne5 Bxe2 14.Qxe2 Nbd5 15.Nxd5 Nxd5
16.c4 Nxe3 17.fxe3 c6 18.Rf3 Qc7 19.Rdf1 f6 20.Nd3 e5 21.dxe5 fxe5 22.Rxf8+ Rxf8
23.Rxf8+ Bxf8 24.Qg4 Qd6 25.Qe4 h6 26.Kf2 Qf6+ 27.Ke2 Bd6 28.Nf2 h5 29.Qf3 Qxf3+  1/2-1/2

[Event "5th Int ch-Central Serbia 2012"]
[Site "Paracin SRB"]
[Date "2012.07.11"]
[Round "7.31"]
[White "Todorovic,Nenad I"]
[Black "Martic,Z"]
[Result "1-0"]
[WhiteElo "2001"]
[BlackElo "2356"]

1.e4 d5 2.exd5 Qxd5 3.Nc3 Qd6 4.d4 Nf6 5.Bc4 c6 6.Nge2 e6 7.Bf4 Qd8 8.O-O Be7
9.Ng3 O-O 10.Nce4 Nbd7 11.Qf3 Qb6 12.Nxf6+ Nxf6 13.Be5 Qxb2 14.Bd3 Qb6 15.Nh5 Qd8
16.Nxg7 Re8 17.Nxe8 Nxe8 18.Bxh7+ Kxh7 19.Qh5+  1-0

[Event "5th Open d'Ille et Vilaine"]
[Site "Rennes FRA"]
[Date "2012.07.11"]
[Round "8.9"]
[White "Hubert,Raph"]
[Black "Busnel,L"]
[Result "0-1"]
[WhiteElo "2006"]
[BlackElo "1928"]

1.e4 d5 2.exd5 Qxd5 3.Nc3 Qd6 4.d4 Nf6 5.Be3 c6 6.h3 g6 7.Nf3 Nbd7 8.Bd3 Bg7
9.O-O O-O 10.Ne2 e5 11.Ng3 b6 12.Qc1 Re8 13.Bc4 exd4 14.Bxd4 Qb4 15.Bb3 Nc5
16.Qg5 Nxb3 17.axb3 h6 18.Qc1 Kh7 19.Ra4 Qb5 20.Be3 Bb7 21.Rh4 h5 22.Bg5 c5
23.Qf4 Qc6 24.Kh2 Rad8 25.Rg1 Rd6 26.Qc4 Kg8 27.Bf4 Rd5 28.Qf1 Ne4 29.Nxe4 Rxe4
30.c4 Rf5 31.Qc1 Bf6 32.Bg3 Rxf3 33.Rxe4 Rxg3 34.f3 Rg5 35.Rge1 Qd6+ 36.f4 h4
37.Re8+ Kg7 38.R8e2 Rg3 39.Qd2 Qc6 40.Qc2 a5 41.Rd1 Bd4 42.Rd3 Rxd3 43.Qxd3 Qd7
44.Re5 Bg1+  0-1

[Event "Turkish Bank Chess League 2012"]
[Site "Konya TUR"]
[Date "2012.07.12"]
[Round "2"]
[White "Ulusoy,Nisan"]
[Black "Mutlu,Beste"]
[Result "0-1"]
[WhiteElo "1793"]
[BlackElo "1640"]

1.e4 d5 2.exd5 Qxd5 3.Nc3 Qd6 4.d4 c6 5.Bc4 Nf6 6.Nge2 Bg4 7.f3 Bf5 8.Bf4 Qd8
9.Ng3 Bg6 10.Nge4 Nbd7 11.Qe2 e6 12.Nd6+ Bxd6 13.Bxd6 Nb6 14.Be5 Nxc4 15.Qxc4 Bxc2
16.Qe2 Bg6 17.h4 h6 18.g4 Rg8 19.f4 Nd5 20.f5 exf5 21.Nxd5 Qxd5 22.O-O O-O-O
23.gxf5 Bh7 24.Qg4 f6 25.Bg3 Qxd4+ 26.Qxd4 Rxd4 27.Rae1 Rd5 28.Re7 Rd7 29.Rfe1 Rgd8
30.Rxd7 Kxd7 31.Bf2 Bxf5 32.Bxa7 Re8 33.Rd1+ Ke6 34.Bc5 Kf7 35.Kf2 Re4 36.Re1 Rxe1
37.Kxe1 g5 38.Bf2 Kg6 39.Ke2 Bg4+ 40.Ke3 f5 41.hxg5 hxg5 42.Kd4 Bh3 43.Ke3 Bg2
44.Be1 Kh5 45.Kf2 Bd5 46.a3 Kg4 47.Bd2 f4 48.Ba5 Kh3 49.Bc7 Kg4 50.Bb8 Kf5
51.Bc7 g4 52.Bd6 g3+ 53.Kg1 Kg4 54.Bc7 f3 55.Bb6 Bc4 56.Be3 f2+ 57.Bxf2 gxf2+
58.Kxf2 Kf4 59.Ke1 Ke3 60.Kd1 Kd3 61.Kc1 Bb3 62.Kb1 Kd2 63.Ka1 Kc1 64.a4 Bxa4
65.b3 Bb5 66.b4 Kc2 67.Ka2 Kc3  0-1

[Event "86th ch-ARG 2012"]
[Site "La Plata ARG"]
[Date "2012.07.12"]
[Round "11.7"]
[White "Lujan,C"]
[Black "Filgueira,H"]
[Result "1/2-1/2"]
[WhiteElo "2367"]
[BlackElo "2308"]

1.e4 d5 2.exd5 Qxd5 3.Nc3 Qd8 4.d4 g6 5.Bc4 Bg7 6.Nf3 Nf6 7.O-O O-O 8.h3 Nbd7
9.Re1 Nb6 10.Bf1 c6 11.Ne2 a5 12.Nf4 Nbd5 13.c4 Nxf4 14.Bxf4 Re8 15.Qd2 a4
16.Rad1 Qa5 17.Qxa5 Rxa5 18.Bd2 Ra8 19.Bb4 e6 20.Ne5 Nd7 21.Nxd7 Bxd7 22.c5 Bf8
23.Bd2 Bg7 24.Bf4 e5 25.Bxe5 Bxe5 26.Rxe5 Be6 27.a3 Bb3 28.Rc1 Rxe5 29.dxe5 Rd8
30.Bc4 Rd2  1/2-1/2

[Event "11th Bergamo Open Elite"]
[Site "Bergamo ITA"]
[Date "2012.07.13"]
[Round "2.6"]
[White "Roos,Ad"]
[Black "Kasparov,S"]
[Result "0-1"]
[WhiteElo "2180"]
[BlackElo "2493"]

1.e4 d5 2.exd5 Qxd5 3.Nc3 Qd6 4.d4 Nf6 5.Nf3 c6 6.Ne5 Nbd7 7.Nc4 Qc7 8.Be2 Nb6
9.Ne3 Be6 10.O-O g6 11.Bf3 Rd8 12.b3 Bg7 13.Bb2 O-O 14.Ne2 Nbd5 15.c4 Nxe3
16.fxe3 Ng4 17.Bxg4 Bxg4 18.h3 Bxe2 19.Qxe2 e5 20.Rad1 exd4 21.exd4 Rfe8
22.Qf2 Rd7 23.Rfe1 Red8 24.Rd3 b5 25.cxb5 cxb5 26.d5 Bxb2 27.Qxb2 Qc5+ 28.Qd4 Qxd4+
29.Rxd4 Kf8 30.a4 Rxd5 31.Rxd5 Rxd5 32.axb5 Rxb5 33.Ra1 a5 34.Kf2 Ke7 35.Ke2 Kd6
36.Ra4 Kc6 37.Rh4 h5 38.Rf4 Rxb3 39.Rxf7 Rb2+ 40.Kf3 Rb6 41.g4 hxg4+ 42.Kxg4 a4
43.Ra7 Kb5  0-1

[Event "11th Bergamo Open Elite"]
[Site "Bergamo ITA"]
[Date "2012.07.14"]
[Round "4.2"]
[White "Neiksans,A"]
[Black "Kasparov,S"]
[Result "1/2-1/2"]
[WhiteElo "2534"]
[BlackElo "2493"]

1.e4 d5 2.exd5 Qxd5 3.Nc3 Qd6 4.d4 Nf6 5.Nf3 c6 6.h3 Bf5 7.g4 Bg6 8.Ne5 Nbd7
9.Nxg6 hxg6 10.Be3 e6 11.Qf3 Nd5 12.Nxd5 Qxd5 13.Bg2 Qxf3 14.Bxf3 Nb6 15.O-O-O Nc4
16.Bf4 Bd6 17.Bg3 Rd8 18.h4 Ke7 19.b3 Bxg3 20.fxg3 Ne3 21.Rd2 Nd5 22.c4 Nb6
23.Kc2 Rd7 24.Kc3 Rhd8 25.a4 a5 26.Re1 f6 27.Red1 Na8 28.Be4 Kf7 29.d5 cxd5
30.cxd5 e5 31.h5 Ke7 32.d6+ Rxd6 33.Rxd6 Rxd6 34.Rxd6 Kxd6 35.Bxb7 Nc7 36.b4 axb4+
37.Kxb4 gxh5 38.gxh5 f5 39.a5 e4 40.Kc3 Ke5 41.Kd2 Kf6 42.g4 fxg4 43.Ke3 Ke5
44.Bxe4 Na6 45.Bb7 Nb4 46.a6 Nxa6 47.Bxa6 Kf6 48.Bd3 Kf7 49.Bh7 Kf6 50.Kf2 g6
51.hxg6 g3+ 52.Kxg3 Kg7 53.Kg4 Kh8  1/2-1/2

[Event "ch-SUI Hauptturnier 1 2012"]
[Site "Flims SUI"]
[Date "2012.07.14"]
[Round "3"]
[White "Raetsky,A"]
[Black "Schmid,W"]
[Result "1-0"]
[WhiteElo "2449"]
[BlackElo "2208"]

1.e4 d5 2.exd5 Qxd5 3.Nc3 Qd8 4.d4 Nf6 5.Nf3 c6 6.Bc4 Bg4 7.Bxf7+ Kxf7 8.Ne5+ Ke8
9.Nxg4 Nxg4 10.Qxg4 Nd7 11.Bg5 Nf6 12.Qh4 Qa5 13.O-O Qf5 14.Rfe1 Rd8 15.Ne4 Kf7
16.Re3 Qg6 17.Rae1 Rd5 18.Rg3 Qh5 19.Qf4 h6 20.Bxf6 gxf6 21.Nxf6  1-0

[Event "Turkish Bank Chess League 2012"]
[Site "Konya TUR"]
[Date "2012.07.14"]
[Round "4"]
[White "Menzi,N"]
[Black "Mutlu,Beste"]
[Result "1-0"]
[WhiteElo "1913"]
[BlackElo "1640"]

1.e4 d5 2.exd5 Qxd5 3.Nc3 Qd6 4.d4 c6 5.Nf3 Bg4 6.Be2 Nd7 7.Be3 Ngf6 8.Qd2 e6
9.a3 Qc7 10.O-O Bd6 11.h3 Bh5 12.Rad1 O-O 13.Nh4 Bxe2 14.Qxe2 Rad8 15.Rfe1 a6
16.Nf3 c5 17.dxc5 Nxc5 18.Bg5 Be7 19.Ne5 Ncd7 20.Nd3 h6 21.Bh4 Rfe8 22.Qf3 b5
23.Bg3 Qc8 24.Nb4 Bxb4 25.axb4 Qc4 26.Bd6 Rc8 27.Rd2 Nb6 28.Qb7 Nbd5 29.Nxd5 Nxd5
30.c3 Qa2 31.Red1 Red8 32.Kh2 Re8 33.Qa7 Red8 34.Be5 Rc4 35.f3 Rcc8 36.Qf2 Qc4
37.Qg3 g6 38.Rd4 Qc6 39.Rh4 Kh7 40.Rxh6+  1-0

[Event "Turkish Bank Chess League 2012"]
[Site "Konya TUR"]
[Date "2012.07.14"]
[Round "4"]
[White "Tulay,S"]
[Black "Dincok,G"]
[Result "1-0"]
[WhiteElo "1796"]
[BlackElo "1835"]

1.e4 d5 2.exd5 Qxd5 3.Nc3 Qd6 4.d4 Nf6 5.g3 a6 6.Bg2 Nc6 7.Nge2 e6 8.O-O g6
9.Bf4 Qd7 10.Re1 Ne7 11.Be5 Bg7 12.Ne4 Nxe4 13.Bxg7 Rg8 14.Be5 Nd6 15.d5 exd5
16.Nf4 Kf8 17.Bf6 Nc6 18.Nxd5 Ne8 19.Qc1 Qd6 20.Qh6+ Ng7 21.Be7+ Nxe7 22.Nxe7 Be6
23.Nxg8 Kxg8 24.Qg5 Qb6 25.Rad1 Nf5 26.Qf6 Rf8 27.Bd5 Bxd5 28.Qxb6 cxb6 29.Rxd5 Rc8
30.c3 Rc7 31.Red1 Re7 32.Kf1 b5 33.Rd7 Kf8 34.Rd8+ Re8 35.g4 Rxd8 36.Rxd8+ Ke7
37.Rh8 Nd6 38.Rxh7 Nc4 39.b3 Nd2+ 40.Ke2 Ne4 41.Rh3 Nf6 42.Re3+ Kd6 43.Kf3 g5
44.Kg3 Nd5 45.Rd3 Kc5 46.Rxd5+ Kxd5 47.f4 f6 48.fxg5 fxg5 49.h4 gxh4+ 50.Kxh4 Ke6
51.g5 Kf7 52.Kh5  1-0

[Event "16th Godesburg Open"]
[Site "Bad Godesberg GER"]
[Date "2012.07.15"]
[Round "9.9"]
[White "Broehl,S"]
[Black "Opitz,F"]
[Result "1-0"]
[WhiteElo "2131"]
[BlackElo "1958"]

1.e4 d5 2.exd5 Qxd5 3.Nc3 Qd8 4.d4 Nf6 5.Nf3 Bg4 6.Be3 e6 7.h3 Bxf3 8.Qxf3 c6
9.Bd3 Bb4 10.O-O Nbd7 11.Ne2 Qa5 12.c4 Bd6 13.Ng3 h5 14.Rfe1 O-O-O 15.c5 Bxg3
16.Qxg3 Nd5 17.a3 Qc7 18.Qf3 N7f6 19.Bd2 h4 20.b4 Rdg8 21.Re5 Nd7 22.Rh5 Rxh5
23.Qxh5 Nf4 24.Qxh4 Nxd3 25.Qh7 Nf6 26.Qxd3 g5 27.Qf3 Nd5 28.Re1 Qe7 29.a4 Qf6
30.Qxf6 Nxf6 31.Re5 Nh7 32.g4 Kd7 33.f4 f6 34.Re2 gxf4 35.Bxf4 f5 36.Rg2 fxg4
37.Rxg4 Rxg4+ 38.hxg4 Ke7 39.Kf2 Nf6 40.Bg5 Kf7 41.Bxf6 Kxf6 42.Ke3 Kg5 43.Ke4 Kxg4
44.b5 a5 45.bxa6 bxa6 46.a5 Kg3 47.Ke5 Kf3 48.Kxe6 Ke4 49.Kd6 Kxd4 50.Kxc6  1-0